| 000 | 00701nam a22002297a 4500 | ||
|---|---|---|---|
| 003 | OSt | ||
| 005 | 20240618110306.0 | ||
| 008 | 240618b |||||||| |||| 00| 0 eng d | ||
| 020 | _a9788177585537 | ||
| 040 | _cmust | ||
| 082 |
_27th ed. _a519.2 HOD 2006 |
||
| 100 |
_aHogg,Robert V. _qRobert V. Hogg _917426 |
||
| 245 |
_aProbability and statistical inference/ _cRobert V. Hogg, Elliot A Tanis, Jagan Mohan Rao |
||
| 250 | _a7th ed | ||
| 260 |
_aIndia: _bPeason Education _cc2006. |
||
| 300 |
_axix,704p.: _bill; _c24cm. |
||
| 504 | _aIncludes Appendix | ||
| 600 | _2Probability | ||
| 700 |
_aTanis, Elliot A _qElliot A. Tanis _917427 |
||
| 700 |
_aRao, Jagan Mohan _917428 |
||
| 942 |
_2ddc _cO_SHELF |
||
| 999 |
_c8600 _d8600 |
||